MARC

LEADER 00000nam0a2200000 4500
001 217954
005 20231101230149.0
010 |a 0297843567 
035 |a (RuTPU)RU\TPU\book\237958 
090 |a 217954 
100 |a 20120609d2004 m y0engy50 ba 
101 0 |a eng 
102 |a GB 
105 |a a z 000zy 
200 1 |a Trinny and Susannah. What you wear can change your life  |f T. Woodall, S. Constantine 
210 |a London  |c Weidenfeld & Nicolson  |d 2004 
215 |a 336 p.  |c il. 
606 1 |a Имидж  |x Психология  |2 stltpush  |3 (RuTPU)RU\TPU\subj\12399  |9 39186 
610 1 |a мода 
610 1 |a одежда 
610 1 |a косметика 
610 1 |a внешний вид 
610 1 |a впечатление 
610 1 |a социальное общение 
610 1 |a общество 
610 1 |a личность 
610 1 |a социализация 
610 1 |a успех 
610 1 |a английский язык 
686 |a Ю953  |v LBC/SL-A  |2 rubbk 
700 1 |a Woodall  |b T.  |g Trinny 
701 1 |a Constantine  |b S.  |g Susannah 
801 1 |a RU  |b 63413507  |c 20120609 
801 2 |a RU  |b 63413507  |c 20120619  |g RCR 
942 |c BK